000 00477cam a2200157 4500500
005 20260329003107.0
041 _afre
042 _adc
100 1 0 _aNathan, Tobie
_eauthor
245 0 0 _aMourir de penser
260 _c2014.
500 _a100
690 _aPascal Quignard
786 0 _nPhilosophie magazine | 83 | 10 | 2014-10-01 | p. 69-69 | 1951-1787
856 4 1 _uhttps://shs.cairn.info/magazine-philosophie-magazine-2014-10-page-69?lang=fr&redirect-ssocas=7080
999 _c1821397
_d1821397